000 00842nam0a22002531 4500
001 rc\1003348
005 20250622073522.0
035 _a(NLR Aleph) 006169385
090 _a5948002
_c5948002
100 _a20041129d1981 |||y0rusy50 ca
101 0 _arus
102 _aRU
105 _ay |||||||||
200 1 _aИскусство под эгидой церкви: истина против апологетики
210 _aМ.
_cЗнание
_d1981
215 _a64 с.
_d20
225 1 _aНовое в жизни, науке, технике
_iСерия "Научный атеизм"
_v№ 7
320 _aБиблиогр.: с. 62-63
700 1 _aШамаро
_bА.А.
_gАлександр Александрович
801 0 _aRU
_bNLR
_gpsbo
801 1 _aRU
_bELAR
_2rusmarc
852 _aNLR
_j81-4/28600
942 _cBOOK
980 _aNB